Регионална библиотека "Любен Каравелов" - Русе

Технология на ремонта и поддържането на селскостопанската техника (Запис номер 60034)

MARC детайли
000 -Лидер
Контролно поле с фиксирана дължина 01708nam a2200349 c 4500
003 - Код на организацията, давaща контролен номер
Контролно поле BLK
005 - Дата и час на последна редакция
Контролно поле 20180422102325.0
008 - Елементи от данни с фиксирана дължина
fixed length control field 180408b bul|||||r ||||||| ||bul||
010 ## - Наследен системен номер
LC control number KNG00064164000
040 ## - Източник на каталожния запис
Идентификатор на билиотеката - собственик на записа BLK
041 ## - Код за език
Код за езика на текст/звукозапис или на отделно заглавие Български
Код за езика КДБФ Български
080 ## - УДК
Текстов определител УДК Селскостопански машини и инструменти. Селскостопанско машиностроене
УДК код - определител по УДК 631.3
УДК определител .004.67(075.8)
УДК - код + определител 631.3.004.67(075.8)
100 1# - Редна дума - Автор
Автор Митев, Иван Асенов
Авторска отговорност първи автор
R(LIN) 289536
139 ## - Редно поле
Редна дума Митев, Иван Асенов и др.
Авторски знак Мит - М 70
245 10 - Сведения за заглавието
Заглавие Технология на ремонта и поддържането на селскостопанската техника
Подзаглавни данни Учебник за студентите от спец. Комплексна механизация и поточни линии и сел. стопанство от ВТУ А.Кънчев-Русе
Редно поле (дума) Иван Асенов Митев; съавт. Николай Стефанов Найденов.
257 ## - Страна на издаване
Страна на създаване/издаване България
260 ## - Област на издателските данни
-- Русе
Име на издателя, разпространителя и проч. ВТУ Ангел Кънчев
Година на издаване 1987
300 ## - Физическа характеристика
Страници 301 с.
Илюстрации и др. с ил.
Размери/Мащаб 22 см
380 ## - Жанр
Жанр Селско стопанство
500 ## - Общи забележки
Забележка Библиогр. с. 292-297
504 ## - Забележка за наличие на библиография и др
Забележка за наличие на библиография и под. 292-297
650 #4 - Допълнително описание по предмет – тема
Основно описание – тема или топоним Селскостопански машини и оръдия - ремонт и поддръжка
9 (RLIN) 289489
653 ## - Ключова дума – ненормативна
Ключова дума селскостопанска техника
653 ## - Ключова дума – ненормативна
Ключова дума ремонти
653 ## - Ключова дума – ненормативна
Ключова дума учебници за ВУЗ
700 1# - Други автори (авторска отговорност)
Лично име Найденов, Николай Стефанов
Автороска отговорност (Описва отношението между автора и произведението) съавт.
9 (RLIN) 368512
852 ## - Местоположение
Форматна сигнатура Цб 155852
856 4# - Електронен адрес и достъп
Електронен формат pdf - файл
Път до файла /url/
856 4# - Електронен адрес и достъп
Електронен формат pdf - файл
Път до файла /url/
942 ## - АРТИКУЛИ
Вид на библиотечния материал Книги
Скрит в OPAC Не
944 ## - СЪЗДАВАНЕ И РЕДАКЦИЯ на ЗАПИСА
Създаване/Редакция Създаване
Дата на регистрацията/редакция 13.06.2004
Служител, извършил регистрацията/редакцията Геновева_Генчева
944 ## - СЪЗДАВАНЕ И РЕДАКЦИЯ на ЗАПИСА
Създаване/Редакция Редакция
Дата на регистрацията/редакция 11.09.2006
Служител, извършил регистрацията/редакцията
999 ## - СИСТЕМНИ КОНТРОЛНИ НОМЕРА
Koha biblionumber 60034
Koha biblioitemnumber 60034
Наличности
Код за отписване Код за изгубен артикул Източник на класификационната схема Код за повреда Коз за рестрикции Код за отдаване Артикулен № Име на библиотеката - собственик Име на библиотеката, в която се намира в момента Статус (Текущо местоположение) Дата на вписване в системата Местоположение - отдел Цена в лева Инвентарен номер Систематично азбучна сигнатура Баркод Номер на екземпляра Цена в евро Служебна бележка Служебен тип на артикула
  Не е изгубен Universal Decimal Classification Не е повреден без рестрикции ползва се в читалня 98531 Регионална библиотека "Любен Каравелов" Русе Регионална библиотека "Любен Каравелов" Русе Хранилище 1987-01-01 Хранилище 1.28 509984 Цб 155852 120000509984 1 0.65 Дост: Dp Вид: Д N: стар фонд Дата: 01.01.1987 Книги
Изтеглен Не е изгубен Universal Decimal Classification Не е повреден без рестрикции заемане за дома 98532 Регионална библиотека "Любен Каравелов" Русе Регионална библиотека "Любен Каравелов" Русе Заемна - подръчен фонд 1987-01-01 Заемна - подръчен фонд 1.28 511756 П 631.3/М 76 120000511756 2 0.65 Дост: Pk Вид: Ф N: стар фонд Дата: 01.01.1987 Дата инв: 06.02.2018 Бележки инв: П2018 Книги
Изтеглен Не е изгубен Universal Decimal Classification Не е повреден без рестрикции ползва се в читалня 98533 Регионална библиотека "Любен Каравелов" Русе Регионална библиотека "Любен Каравелов" Русе Читалня 1987-01-01 Читалня 1.28 511757 Ч 631.3/М 76 511757 3 0.65 Дост: Pk Вид: Ф N: стар фонд Дата: 01.01.1987 Дата инв: 20.03.2017 Бележки инв: Ч2017 Книги
Vip Innovations Ltd, Rousse, Bulgaria 2025